NRJ Music awards d'honneur - Statistiques

Statistiques générales
  • Ce quiz a été pris 41 fois
    10 depuis la dernière actualisation
  • Le résultat moyen est 24 sur 51
Statistiques - réponses
Année Nationalité Initiales Prénom et nom % Correct
2014 Belge S Stromae
100%
2015 Britannique A Adele
80%
2010 Américaine B Beyoncé
80%
2015 Française / Arménienne CA Charles Aznavour
80%
2020 Britannique EJ Elton John
80%
2004 Française JH Johnny Hallyday
80%
2013 Française JH Johnny Hallyday
80%
2012 Canadienne JB Justin Bieber
80%
2015 Canadienne JB Justin Bieber
80%
2008 Américaine MJ Michael Jackson
80%
2012 Colombienne S Shakira
80%
2000 Américaine TT Tina Turner
80%
2005 Irlandaise U* U2
80%
2017 Irlandaise U* U2
80%
2008 Canadienne CD Céline Dion
60%
2018 Britannique / Albanaise DL Dua Lipa
60%
2020 Congolaise G Gims
60%
2008 Australienne KM Kylie Minogue
60%
2003 Américaine M Madonna
60%
2012 - Award de diamant Française MF Mylène Farmer
60%
2013 Sud-Coréenne P Psy
60%
2022 Française R Renaud
60%
2010 Britannique RW Robbie Williams
60%
2000 Irlandaise B Bono
40%
2016 Américain BM Bruno Mars
40%
2013 - spécial 15e édition Française CM Christophe Maé
40%
2009 Britannique C Coldplay
40%
2016 Britannique C Coldplay
40%
2011 Française DG David Guetta
40%
2017 Britannique ES Ed Sheeran
40%
2016 Espagnole EI Enrique Iglesias
40%
2017 Française I Indochine
40%
2020 Française I Indochine
40%
2022 Française J Jenifer
40%
2020 Américaine MC Mariah Carey
40%
2012 Française NL Nolwenn Leroy
40%
2013 Française PB Patrick Bruel
40%
2015 Britannique S Sting
40%
2021 Américaine ID Imagine Dragons
20%
2001 Française LE Les Enfoirés
20%
2018 Britannique M Muse
20%
2017 Canadienne TW The Weeknd
20%
2005 Monégasque AMADE Association Mondiale des Amis de l'Enfance
0%
2006 Irlandaise BG Bob Geldof
0%
2002 Française ECLS Ensemble contre le Sida
0%
2019 Américaine JB Jonas Brothers
0%
2014 Américaine LK Lenny Kravitz
0%
2002 Française OPJ Opération Pièces jaunes
0%
2003 Britannique PC Phil Collins
0%
2007 Française S Sefyu
0%
2018 Canadienne SM Shawn Mendes
0%
Aucun quiz correspondant
Distribution des résultats
% des personnes avec chaque résultat
Percentile par nombre de réponses
Votre historique - résultats
Vous n’avez pas pris ce quiz depuis la dernière actualisation